ბათუმის შოთა რუსთაველის სახელმწიფო უნივერსიტეტის ბიბლიოთეკა

Psychology and life / (ბიბ.ჩანაწერი № 60423)

000 -LEADER
fixed length control field 01073cam a22003014a 4500
001 - CONTROL NUMBER
control field 12384916
005 - DATE AND TIME OF LATEST TRANSACTION
control field 20230714121807.0
008 - FIXED-LENGTH DATA ELEMENTS--GENERAL INFORMATION
fixed length control field 010419s2002 maua b 001 0 eng
010 ## - LIBRARY OF CONGRESS CONTROL NUMBER
LC control number 2001031706
020 ## - INTERNATIONAL STANDARD BOOK NUMBER
International Standard Book Number 020533511X X
040 ## - CATALOGING SOURCE
Original cataloging agency DLC
Transcribing agency DLC
Modifying agency DLC
042 ## - AUTHENTICATION CODE
Authentication code pcc
050 00 - LIBRARY OF CONGRESS CALL NUMBER
Classification number BF121
Item number .G47 2002
080 ## - UNIVERSAL DECIMAL CLASSIFICATION NUMBER
Universal Decimal Classification number 159 G-38
082 00 - DEWEY DECIMAL CLASSIFICATION NUMBER
Edition number 21
100 1# - MAIN ENTRY--PERSONAL NAME
Personal name Gerrig, Richard J.
9 (RLIN) 19341
245 10 - TITLE STATEMENT
Title Psychology and life /
Statement of responsibility, etc. Richard J. Gerrig, Philip G. Zimbardo.
250 ## - EDITION STATEMENT
Edition statement 16th ed.
260 ## - PUBLICATION, DISTRIBUTION, ETC.
Place of publication, distribution, etc. Boston :
Name of publisher, distributor, etc. Allyn and Bacon,
Date of publication, distribution, etc. c2002.
300 ## - PHYSICAL DESCRIPTION
Extent 1 v. (various pagings) :
Other physical details ill. (chiefly col.) ;
Dimensions 29 cm.
504 ## - BIBLIOGRAPHY, ETC. NOTE
Bibliography, etc. note Includes bibliographical references (p. R1-R46) and indexes.
650 #0 - SUBJECT ADDED ENTRY--TOPICAL TERM
Topical term or geographic name entry element Psychology.
9 (RLIN) 19342
653 ## - INDEX TERM--UNCONTROLLED
keyword ფსიქოლოგია და ცხოვრება
700 1# - ADDED ENTRY--PERSONAL NAME
Personal name Zimbardo, Philip G.
9 (RLIN) 19343
906 ## - LOCAL DATA ELEMENT F, LDF (RLIN)
a 7
b cbc
c orignew
d 1
e ocip
f 20
g y-gencatlg
942 ## - ADDED ENTRY ELEMENTS (KOHA)
Source of classification or shelving scheme
Koha item type წიგნი
ეგზემპლარები
Withdrawn status Lost status Source of classification or shelving scheme Damaged status Not for loan Permanent Location Current Location Shelving location Date acquired Cost, normal purchase price Full call number Barcode Date last seen Copy number Price effective from Koha item type Public note
          ბათუმის შოთა რუსთაველის სახელმწიფო უნივერსიტეტის მთავარი ბიბლიოთეკა ბათუმის შოთა რუსთაველის სახელმწიფო უნივერსიტეტის მთავარი ბიბლიოთეკა წიგნსაცავი 2023-07-14 151.00 159 G-38 64966 2023-07-14 64966 2023-07-14 წიგნი 151.00